000
00287nam a22001217a 4500
008
181101b xxu||||| |||| 00| 0 eng d
041
_a
eng
080
_2
4th
_a
616.12
100
_a
7
101
_a
KARD
245
_a
The Human Heart A guide to heart disease
_c
Phibbs,B
942
_2
udc
_c
BK
999
_c
51424
_d
51424